Síndrome de Down: lectura y escritura
Na minha lista:
| Principais autores: | , |
|---|---|
| Formato: | Livro |
| Idioma: | espanhol |
| Publicado em: |
Barcelona
Masson
1998
|
| Assuntos: | |
| Tags: |
Adicionar Tag
Sem tags, seja o primeiro a adicionar uma tag!
|
MARC
| LEADER | 00000nam a2200000 a 4500 | ||
|---|---|---|---|
| 001 | UCN1795 | ||
| 003 | CL-VaPUC | ||
| 008 | 010504e19980000SP |||||||||||||||||spa|d | ||
| 082 | 0 | 4 | |a 371.928 |b TRO |2 21 |
| 100 | 0 | |a Troncoso, María Victoria |e author |9 457141 | |
| 700 | 0 | |a Cerro, María Mercedes del |e author |9 457142 | |
| 245 | 1 | 0 | |a Síndrome de Down: lectura y escritura |
| 300 | |a 2 v | ||
| 942 | |c BK | ||
| 945 | |d 20010504 00:00:00 |a cmena | ||
| 260 | |a Barcelona |b Masson |c 1998 | ||
| 500 | |a Textos corresponden a Cuadernos de Trabajo | ||
| 650 | 0 | |a Educación especial |9 307486 | |
| 650 | 0 | |a Síndrome de Down |9 309553 | |
| 650 | 0 | |a Métodos de enseñanza |9 270413 | |
| 650 | 0 | |a Enseñanza de la lectura |9 308364 | |
| 650 | 0 | |a Enseñanza de la escritura |9 307377 | |
| 583 | |a last modification |c 20010504 00:00:00 |k Rodrigo Vera | ||
| 999 | |c 295020 |d 295018 | ||
| 952 | |0 0 |1 0 |4 0 |6 371_928000000000000_TRO_1998 |7 0 |8 A |9 347876 |a BIBEDU |b BIBEDU |d 2019-11-20 |h v.1 |i 3698025 |l 2 |o 371.928 TRO 1998 |p 3698025 |r 2024-12-13 |s 2024-12-04 |w 2019-11-20 |y BK |k EPE | ||
| 952 | |0 0 |1 0 |4 0 |6 371_928000000000000_TRO_1998 |7 0 |8 A |9 347877 |a BIBEDU |b BIBEDU |d 2019-11-20 |h v.2 |i 3698033 |l 3 |o 371.928 TRO 1998 |p 3698033 |r 2024-12-13 |s 2024-12-04 |w 2019-11-20 |y BK |k EPE | ||